| 000 | 00570nam a2200205Ia 4500 | ||
|---|---|---|---|
| 003 | OSt | ||
| 005 | 20230509105921.0 | ||
| 008 | 210423s2005 xx 000 0 und d | ||
| 020 | _a879696834 | ||
| 040 | _cAL | ||
| 041 | _aeng | ||
| 082 |
_a574.88 GOLR _223 |
||
| 100 |
_aGOLDMAN (Robert D);SPECTOR (David L),Ed. _9100467 |
||
| 245 | _aLive cell: a laboratory manual imaging. | ||
| 260 |
_aNew York _bCold Spring Harbour Press _c2005 |
||
| 300 |
_axvi,629 _bPB |
||
| 365 |
_b783 _cINR |
||
| 906 | _acell: ; imaging. ; laboratory ; Live ; manual | ||
| 942 |
_2ddc _cBK |
||
| 999 |
_c164532 _d164532 |
||